JToH - Ring 1 Towers by Trivia - Statistics

General Stats
  • This quiz has been taken 275 times
  • The average score is 7 of 13
Answer Stats
Hint Answer % Correct
Before the addition of modifiers, there used to be a hidden button that spawns rising lava in this tower. Tower of Hecc
78%
There is a hidden bossfight in this tower against "Obama Prism" Citadel of Laptop Splitting
71%
This is one of two towers currently in the game that have 9 floors. Tower of Screen Punching
71%
This tower is known for having a short section featuring invisible platforms that are indicated by sparkles. Tower of Anger
69%
There is a miscolored stud on floor 6 named "Thanos Stud" by the community. Tower of True Skill
69%
This tower features a picture of Grimace on its badge icon. Thanos Tower
53%
A monthly challenge existed where you had to dance next to every sign in this tower. Tower of Annoyingly Simple Trials
53%
Other than Thanos Tower, this is the only ring 1 tower to feature a tower crossing section. Tower of Killjoys
51%
This is the first tower to be made by more than one person. Tower of Impossible Expectations
45%
Before it was renamed to "Heresy," Ring 6 used to share a name with this tower. Tower of Madness
40%
This is the first tower to use welded spinners. Tower of Rage
30%
This tower's music is the default music for the JToH tower building kit. Tower of Stress
25%
This tower's original name according to its tower model was "Tower of AAAAAA". Tower of Keyboard Yeeting
22%
No matching quizzes found
Score Distribution
Percent of People with Each Score
Percentile by Number Answered
Your Score History
You have not taken this quiz